00000000nam 2200000zi 4500
0019.954368
003CaOODSP
00520250821102832
006m     o  d f      
007cr mn|||||||||
008250821s2025    onca    o    f000 0 eng d
040 |aCaOODSP|beng|erda|cCaOODSP
043 |an-cn---
045 |ay1y2
0861 |aD2-690/2025-1E-PDF
24500|aEvaluation of the Capital Assistance Program.
264 1|a[Ottawa] : |bNational Defence = Défense nationale, |c[2025]
300 |a1 online resource (1 page) : |bcolour illustrations
336 |atext|btxt|2rdacontent
337 |acomputer|bc|2rdamedia
338 |aonline resource|bcr|2rdacarrier
500 |aIssued also in French under title: Évaluation du Programme d'aide aux immobilisations.
500 |a"Reviewed by ADM(RS) in accordance with the Access to Information Act. Information UNCLASSIFIED."
61010|aCanada. |bDepartment of National Defence|xEvaluation.
650 0|aInfrastructure (Economics)|zCanada|xFinance|xEvaluation.
650 0|aInfrastructure (Economics)|xGovernment policy|zCanada|xEvaluation.
7101 |aCanada. |bDepartment of National Defence. |bAssistant Deputy Minister (Review Services), |eissuing body.
77508|tÉvaluation du Programme d'aide aux immobilisations.|w(CaOODSP)9.954370
85640|qPDF|s144 KB|uhttps://publications.gc.ca/collections/collection_2025/mdn-dnd/D2-690-2025-1-eng.pdf
8564 |qHTML|sN/A|uhttps://www.canada.ca/en/department-national-defence/corporate/reports-publications/audit-evaluation/eval-capital-assistance-prog-summary.html